00758 2200229 4500001002100000005001500021035002000036007000300056008004100059020002200100082001100122084001700133100001900150245019400169250001000363260004900373300003200422650003200454700002300486990000900509990001000518INLIS00000000000034020170920032833 a0010-0917000326ta170920 b 0 ind  a978-979-055-606-5 a297.77 a297.77 ARI e0 aAriany Syuifah1 aEnsiklopedika Pendidikan Agama Islam Percaya Diri dan Rendah Hati Jilid 9 :bMewujudkan Islam dalam Sikap dan Kesalehan Ibad,ah, Kreatif, dan Sosial /cAriany Syuifah dan Safitri Lulsiana D acet.1 aBandung :bSygma Creative Media Group,c2015 a68hlm :bilus ;c20 x 29 cm aFikih, Akidah, Ahukum Islam0 aSafitri Lulsiana D a5825 a5825a